Culture Générale - Série 649 - Statistiques

Statistiques générales
  • Ce quiz a été pris 123 fois
  • Le résultat moyen est 5 sur 10
Statistiques - réponses
Question Réponse % Correct
De quel pays Fidel Castro devient-il le chef de l'État en 1976 ? Cuba
97%
Dans quel château a été signé, le 28 juin 1919, le traité mettant fin à la Première guerre mondiale ? Versailles
81%
Quelle planète géante doit son nom au dieu romain de la Mer ? Neptune
79%
Quel élément chimique a pour symbole "C" ? carbone
68%
En 1923, Darius Milhaud compose la musique pour ballet intitulée "La Création du... monde
60%
Quel joueur de tennis américain, né en 1959, est surnommé "Big Mac" ? John McEnroe
46%
Dans le mot "photographie", que signifie le préfixe "photo-", tiré du grec "phôtos" ? lumière
44%
Quel auteur britannique a publié "Moonraker" en 1958 ? Ian Fleming
24%
Quel entrepreneur français a construit le canal du Midi au XVIIe siècle ? Paul Riquet
20%
L'homme de guerre breton, Bertrand Du Guesclin, était surnommé : "Le Dogue noir de... Brocéliande
7%
Aucun quiz correspondant
Distribution des résultats
% des personnes avec chaque résultat
Percentile par nombre de réponses
Votre historique - résultats
Vous n’avez pas pris ce quiz